000 00538nam a2200181 i 4500
001 126076
003 ES-MaACL
005 20230906192742.0
007 t|
008 070214m19151919fr r ||||1| fre d
100 1 _aReinach, Joseph.
_996038
245 1 3 _aLa guerre de 1914-[1918]
_b: les commentaires de Polybe /
_cJoseph Reinach.
260 _aParis :
_bE. Fasquelle,
_c1915-1919.
300 _a16 v. ;
_c19 cm.
500 _aSeries 1ª-15ª y 17ª.
650 0 4 _aGuerra mundial, 1914-1918.
_913212
852 _aES-MaACL
_jG-3455-70
999 _c126076
_d126076